Zvýšenie cien energií na trhoch a vplyv na účtovnú závierku vybraných spoločností diplomová práca

Gespeichert in:
Bibliographische Detailangaben
1. Verfasser: Plencnerová, Zuzana
Körperschaft: Fakulta hospodárskej informatiky EU. Katedra účtovníctva a audítorstva
Weitere Verfasser: Ballová, Martina, 1985-
Format: Buch
Sprache:Slowakisch
Veröffentlicht: Bratislava 2023
Tags: Tag hinzufügen
Keine Tags, Fügen Sie das erste Tag hinzu!

MARC

LEADER 00000nbm a2200000 4500
001 0294100
005 20240411093722.6
041 0 |a slo 
044 |a SK 
245 1 0 |a Zvýšenie cien energií na trhoch a vplyv na účtovnú závierku vybraných spoločností  |b diplomová práca  |c Zuzana Plencnerová ; školiteľ: Martina Ballová 
264 1 |a Bratislava  |c 2023 
300 |a 122 s. 
100 1 |a Plencnerová, Zuzana 
700 1 |a Ballová, Martina, 1985- 
710 2 |a Fakulta hospodárskej informatiky EU. Katedra účtovníctva a audítorstva